000 00958cam a22003133a 4500
001 4048
003 PGUSA
005 20140828083048.0
008 030501s2003||||xxu|||||s|||||000 1 eng d
040 _aPGUSA
_beng
042 _adc
050 4 _aPZ
050 4 _aPS
100 1 _aFollen, Eliza Lee Cabot,
_d1787-1860
245 1 4 _aThe Talkative Wig
_h[electronic resource] /
_cEliza Lee Cabot Follen
260 _bProject Gutenberg,
_c2003
506 _aPublic domain in the USA.
516 _aElectronic text
653 _aWigs -- Juvenile fiction
653 _aFriendship -- Juvenile fiction
653 _aSnow -- Juvenile fiction
653 _aStorytelling -- Juvenile fiction
653 _aConduct of life -- Juvenile fiction
653 _aSlavery -- Juvenile fiction
653 _aChildren -- Conduct of life -- Juvenile fiction
830 0 _aProject Gutenberg
_v4048
856 4 0 _uhttp://www.gutenberg.org/ebooks/4048
942 _cEB
999 _c233377
_d233377